00681cam a22002291 4500001001300000003000400013005001700017008004100034010001700075035002000092040001900112042001200131050002000143060002300163100003300186245010200219250003700321260003000358300001700388504002900405999001700434med48000645 DLC20260227111610.0810815s1948 xx a b 000 0 eng  amed48000645  a(OCoLC)14657284 aDLCcDNLMdDLC apremarc00aRD621b.W3 19470 aWI 950bW339h 19481 aWatson, Leigh Festus,d1884-10aHernia; anatomy, etiology, symptoms, diagnosis, differential diagnosis, prognosis, and treatment. a3d ed., enl. and thoroughly rev. aSt. Louis,bMosby,c1948. a732 p.bill. aIncludes bibliographies. c38918d38918